Statistics for Island by National Capital Quiz

Click here to take the quiz!

General Stats

  • This quiz has been taken 58 times
  • The average score is 15 of 21

Answer Stats

CapitalIsland% Correct
LondonGreat Britain
98%
DublinIreland
95%
NicosiaCyprus
93%
WellingtonNorth Island
93%
TokyoHonshu
91%
JakartaJava
91%
AntananarivoMadagascar
91%
VallettaMalta
88%
Santo DomingoHispaniola
86%
Port-au-PrinceHispaniola
84%
ManilaLuzon
81%
Port-of-SpainTrinidad
79%
ManamaBahrain
77%
Port MoresbyNew Guinea
77%
Bandar Seri BegawanBorneo
70%
CopenhagenZealand
63%
MalaboBioko
25%
HoniaraGuadalcanal
25%
NassauNew Providence
21%
VictoriaMahé
14%
PraiaSantiago
12%

Score Distribution

Percentile by Number Answered

Percent of People with Each Score

Your Score History

You have not taken this quiz